Normal view
MARC view
Entry Topical Term
001 - CONTROL NUMBER
- control field: 1127828
003 - CONTROL NUMBER IDENTIFIER
- control field:
005 - DATE AND TIME OF LATEST TRANSACTION
- control field: 20210628161816.0
008 - FIXED-LENGTH DATA ELEMENTS
- fixed length control field: 210628|| aca||aabn | a|a d
040 ## - CATALOGING SOURCE
- Original cataloging agency:
- Transcribing agency:
150 ## - HEADING--TOPICAL TERM
- Topical term or geographic name entry element: Media literacy
- General subdivision: Study and teaching
670 ## - SOURCE DATA FOUND
- Source citation: Work cat.: ()1159415: Burn, Andrew, Prof. 1127827, Media literacy in schools, 2007.
